00477nam a2200157Ia 4500008004100000040001900041041001200060082002900072100002200101245005900123260003900182300001700221630001400238650002000252651004700272131103s9999 xx 000 0 und d aLoreto College aEnglish a891.443/BANbLCLIB/21535 aMitra, Sarojmohon aManik Bandopadhayer jeevan o sahityacSarojmohon Mitra aCalcuttabGranthalay Pvt Ltdc1970 a364p c 22cm aBiography aBanerjee, Manik aBengali Literature - History and Criticism